ბათუმის შოთა რუსთაველის სახელმწიფო უნივერსიტეტის ბიბლიოთეკა

A Textbook of Strength of Materials / (ბიბ.ჩანაწერი № 57552)

000 -LEADER
fixed length control field 00713nam a22002177a 4500
005 - DATE AND TIME OF LATEST TRANSACTION
control field 20221107154333.0
008 - FIXED-LENGTH DATA ELEMENTS--GENERAL INFORMATION
fixed length control field 200728s2019 enk||||| |||| 00| 0 eng d
020 ## - INTERNATIONAL STANDARD BOOK NUMBER
International Standard Book Number 9788131808146x
041 ## - LANGUAGE CODE
Language code of text/sound track or separate title eng
080 ## - UNIVERSAL DECIMAL CLASSIFICATION NUMBER
Universal Decimal Classification number 6201.+539.4 B-22
100 ## - MAIN ENTRY--PERSONAL NAME
Personal name Bansal, R.K.
9 (RLIN) 9067
245 ## - TITLE STATEMENT
Title A Textbook of Strength of Materials /
Statement of responsibility, etc. R.K. Bansal.
Remainder of title Mechanics of Solids
250 ## - EDITION STATEMENT
Edition statement sixth edition
264 ## - PRODUCTION, PUBLICATION, DISTRIBUTION, MANUFACTURE, AND COPYRIGHT NOTICE
Place of production, publication, distribution, manufacture New Delhi, India :
Name of producer, publisher, distributor, manufacturer Vikram Jain Books,
Date of production, publication, distribution, manufacture, or copyright notice 2019.
300 ## - PHYSICAL DESCRIPTION
Extent 1144 p.
Other physical details 25 cm.
Dimensions ill.
653 ## - INDEX TERM--UNCONTROLLED
keyword მექანიკა
653 ## - INDEX TERM--UNCONTROLLED
keyword ინჟინერია
653 ## - INDEX TERM--UNCONTROLLED
keyword მასალათა გამძლეობა
653 ## - INDEX TERM--UNCONTROLLED
keyword მყარი მექანიკა
942 ## - ADDED ENTRY ELEMENTS (KOHA)
Source of classification or shelving scheme
Koha item type წიგნი
ეგზემპლარები
Withdrawn status Lost status Source of classification or shelving scheme Damaged status Not for loan Permanent Location Current Location Shelving location Date acquired Cost, normal purchase price Full call number Barcode Date last seen Copy number Price effective from Koha item type Public note
          ბათუმის შოთა რუსთაველის სახელმწიფო უნივერსიტეტის მთავარი ბიბლიოთეკა ბათუმის შოთა რუსთაველის სახელმწიფო უნივერსიტეტის მთავარი ბიბლიოთეკა წიგნსაცავი 2020-07-28 147.00 6201.+539.4 B-22 60752 2020-07-28 60752 2020-07-28 წიგნი 147 ლ.